000 00751nam a2200217Ii 4500
003 JO-AjNU
008 230605s9999||||xx |||||||||||||| ||und||
017 _a1993/10/1087
040 _aJO-AjNU
_bara
_erda
_cJO-AjNU
041 _aara
050 1 4 _aKMM97.A 44.F3888.1997
100 3 _a سامي ، فوزي محمد ,
_eauthor
_925620
245 0 0 _aشرح القانون التجاري، المجلد 4
250 _aط1
264 3 1 _aعمان : دار الثقافة ، ، دار مكتبة التربية ، 1997
300 _aمج4، 461ص
336 _atext
_btxt
_2rdacontent
337 _aunmediated
_bn
_2rdamedia
338 _avolume
_bnc
_2rdacarrier
650 4 _aاوراق تجارية -- قانون تجاري -- الاردن
_925621
999 _aA9605
_c13173
_d13173